[Event "Viljandimaa MV"]
[Site "?"]
[Date "2005.12.03"]
[Round "7"]
[White "Kuldsepp, Tanel"]
[Black "Kolk, Marek"]
[Result "1-0"]
[WhiteElo "2192"]
[BlackElo "2152"]
[PlyCount "91"]

1. e4 c5 2. Nf3 Nc6 3. d4 cxd4 4. Nxd4 Nf6 5. Nc3 d6 6. Be2 g6 7. Be3 Bg7 8. f3
O-O 9. Qd2 d5 10. exd5 Nxd5 11. Nxc6 bxc6 12. Bd4 Bxd4 13. Qxd4 Qa5 14. O-O
Nxc3 15. bxc3 e5 16. Qb4 Qb6+ 17. Kh1 Be6 18. Bd3 Rab8 19. Qd6 Qa5 20. Rfe1
Qxc3 21. Qxe5 Qxe5 22. Rxe5 Rfd8 23. Rc5 Rd6 24. Kg1 Rb2 25. a4 Kf8 26. a5 Ke7
27. Ra3 Kd7 28. Rac3 Bd5 29. Kf2 Re6 30. g4 Rb1 31. g5 Rd1 32. Bc4 Rd2+ 33. Kg3
Bxc4 34. R3xc4 Rd5 35. Rxd5+ cxd5 36. Rd4 Kc6 37. Rh4 Kb5 38. Rxh7 Re7 39. h4
Rc7 40. h5 gxh5 41. g6 Rxc2 $2 42. g7 Rc1 43. Kh4 Rg1 44. Kxh5 d4 45. Kh6 Rg6+
46. Kh5 1-0

[Event "Viljandimaa MV"]
[Site "?"]
[Date "2005.12.03"]
[Round "7"]
[White "Elmaste, Gert"]
[Black "Kartau, Rein"]
[Result "1-0"]
[WhiteElo "2218"]
[BlackElo "1898"]
[PlyCount "91"]

1. e4 d6 2. Nf3 Nf6 3. c3 Nc6 4. d4 g6 5. Bf4 Bg7 6. Nbd2 O-O 7. Bd3 e5 8. Bg3
Bg4 9. Qb3 Rb8 10. O-O Nh5 11. Bh4 Qd7 12. Bb5 a6 13. Bxc6 bxc6 14. Qc2 exd4
15. cxd4 c5 16. dxc5 Rxb2 17. Qc4 Rb5 18. Rac1 dxc5 19. a4 Ra5 20. Rfd1 Rxa4
21. Qxc5 Rc8 22. h3 Bxf3 23. Nxf3 Qe8 24. e5 Nf4 25. Qc2 Ra3 26. Qb2 Rd3 27.
Bg3 Rxd1+ 28. Rxd1 Ne6 29. Qb7 a5 30. Ra1 a4 31. Rxa4 Rb8 32. Qa7 c5 33. Qa5 h6
34. Rc4 Qd7 35. Qd2 Qb5 36. Qc1 Rd8 37. Kh2 Qb3 38. Qc2 Qa3 39. Qe4 Rd1 40. Bf4
Qa1 41. Ra4 Rh1+ 42. Kg3 Qb2 43. Ra8+ Kh7 44. Ra7 Nxf4 45. Qxf4 Rf1 46. Qxf7
1-0

[Event "Viljandimaa MV"]
[Site "?"]
[Date "2005.12.03"]
[Round "7"]
[White "Kanep, Siim"]
[Black "Tirol, Tarmo"]
[Result "1-0"]
[WhiteElo "2216"]
[BlackElo "1980"]
[PlyCount "59"]

1. d4 d5 2. c4 c6 3. Nf3 Nf6 4. Nc3 dxc4 5. a4 Bf5 6. e3 e6 7. Bxc4 Bb4 8. O-O
O-O 9. Qe2 Bg4 10. Rd1 Qa5 11. e4 Nbd7 12. e5 Nd5 13. Nxd5 cxd5 14. Bb5 Qd8 15.
h3 Bh5 16. Qe3 Bg6 17. Bd2 Bxd2 18. Nxd2 a6 19. Bxd7 Qxd7 20. Nb3 b6 21. a5 Bc2
22. Rdc1 Bxb3 23. Qxb3 b5 24. Rc5 Rac8 25. Rac1 Rxc5 26. Rxc5 f6 27. exf6 Rxf6
28. Qc3 Rf8 29. Rc7 b4 30. Qg3 1-0

[Event "Viljandimaa MV"]
[Site "?"]
[Date "2005.12.03"]
[Round "7"]
[White "Braschinsky, Leo"]
[Black "Kaldma, Arnold"]
[Result "1/2-1/2"]
[WhiteElo "2143"]
[BlackElo "1875"]
[PlyCount "63"]

1. d4 f5 2. Nc3 Nf6 3. Bg5 e6 4. e4 fxe4 5. Bxf6 Qxf6 6. Nxe4 Qh6 7. Nf3 d5 8.
Neg5 Be7 9. h4 c5 10. Bb5+ Kf8 11. dxc5 Qf6 12. c3 h6 13. Nh3 Bxc5 14. Qd2 Nc6
15. O-O-O a6 16. Bxc6 bxc6 17. h5 e5 18. Rhe1 Bxh3 19. Nxe5 Bd6 20. Ng6+ Kg8
21. gxh3 Qf5 22. Qd3 Qg5+ 23. Kb1 Kf7 24. Nxh8+ Rxh8 25. Qg6+ Qxg6+ 26. hxg6+
Kf6 27. Re2 Rd8 28. Rg1 c5 29. Re3 Bf4 30. Rf3 Ke5 31. Re1+ Kf5 32. Re7 1/2-1/2

[Event "Viljandimaa MV"]
[Site "?"]
[Date "2005.12.03"]
[Round "8"]
[White "Mõndresku, Ion"]
[Black "Kolk, Marek"]
[Result "0-1"]
[WhiteElo "2078"]
[BlackElo "2152"]
[PlyCount "124"]

1. d4 Nf6 2. c4 e6 3. Nc3 Bb4 4. Qc2 O-O 5. e3 d5 6. Nf3 c5 7. a3 cxd4 8. exd4
Be7 9. cxd5 Nxd5 10. Bd3 h6 11. O-O Nc6 12. Nxd5 Qxd5 13. Be3 Bd7 14. Bc4 Qd6
15. Rfd1 Rac8 16. Qe2 Na5 17. Ba2 Ba4 18. Rdc1 Nb3 19. Bxb3 Bxb3 20. Qd2 Bf6
21. Rc3 Bd5 22. Bf4 Qe7 23. Rac1 Rxc3 24. Rxc3 Bxf3 25. gxf3 Rd8 26. Rc7 Rd7
27. Rc8+ Kh7 28. Be3 Qd6 29. Rc4 Qd5 30. Qc2+ g6 31. Kg2 b6 32. b3 Qf5 33. Qe4
Bg5 34. Qa8 Bxe3 35. fxe3 Qg5+ 36. Kf2 Qh4+ 37. Kf1 Qh3+ 38. Ke1 Qxh2 39. Rc8
Qh4+ 40. Ke2 Qf6 41. Qc6 Qe7 42. f4 Kg7 43. b4 (43. Qa8) 43... Qd6 44. Qa8 Qd5
45. Qb8 Kf6 46. Rc3 Kf5 47. Qh8 h5 48. Qh6 f6 49. Rc1 Qg2+ 50. Kd3 Qe4+ 51. Kd2
Rd6 52. Qf8 Rc6 53. Rxc6 Qxc6 54. Qd8 h4 55. Qh8 Qg2+ 56. Kd3 Qe4+ 57. Kd2 Kg4
58. Qxf6 Kf3 59. Qxh4 Qxe3+ 60. Kc2 Qf2+ 61. Qxf2+ Kxf2 62. Kd3 Kf3 0-1

[Event "Viljandimaa MV"]
[Site "?"]
[Date "2005.12.03"]
[Round "8"]
[White "Tirol, Tarmo"]
[Black "Braschinsky, Leo"]
[Result "0-1"]
[WhiteElo "1980"]
[BlackElo "2143"]
[PlyCount "106"]

1. e4 e5 2. Nf3 Nc6 3. Bb5 a6 4. Ba4 Nf6 5. O-O Be7 6. Re1 b5 7. Bb3 d6 8. c3
O-O 9. d4 Bg4 10. Be3 Na5 11. Bc2 Nc4 12. Bc1 c5 13. b3 Nb6 14. dxe5 Bxf3 15.
Qxf3 dxe5 16. Nd2 Qc7 17. Nf1 Rfd8 18. Bg5 Ne8 19. Be3 Nd7 20. h4 Bxh4 21. Qh3
Be7 22. f4 Nf8 23. f5 f6 24. Re2 Rd7 25. g4 Rad8 26. Nh2 Nd6 27. Rg2 Nf7 28.
Nf3 Ng5 29. Bxg5 fxg5 30. Qg3 Bf6 31. Qe1 h6 32. Nd2 Rd6 33. Nf1 Nd7 34. Ne3
Nb6 35. c4 bxc4 36. bxc4 Rd4 37. Qa5 Kh7 38. Rb1 R8d6 39. Re2 Bd8 40. Qc3 Kh8
41. Rh2 Qe7 42. a4 Qd7 43. a5 Nc8 44. Nd5 Ne7 45. f6 Nxd5 46. fxg7+ Kxg7 47.
exd5 Qxg4+ 48. Rg2 Qc8 49. Bd1 Qc7 50. Bh5 Rf6 51. Qg3 Rxc4 52. Rb6 Rc1+ 53.
Kh2 e4 0-1

[Event "Viljandimaa MV"]
[Site "?"]
[Date "2005.12.03"]
[Round "8"]
[White "Kartau, Rein"]
[Black "Kanep, Siim"]
[Result "0-1"]
[WhiteElo "1898"]
[BlackElo "2216"]
[PlyCount "120"]

1. d4 Nf6 2. Nf3 c5 3. c3 g6 4. Bg5 Ne4 5. Bf4 Bg7 6. Qc2 d5 7. e3 Nc6 8. Nbd2
Nxd2 9. Qxd2 O-O 10. Bd3 Bg4 11. Be2 Rc8 12. h3 Bxf3 13. Bxf3 cxd4 14. exd4 Re8
15. O-O b5 16. a3 Na5 17. Rae1 Nc4 18. Qe2 a5 19. h4 e5 20. dxe5 Bxe5 21. Bxe5
Rxe5 22. Qd3 Qxh4 23. Rxe5 Nxe5 24. Qxd5 Qf4 25. Be2 b4 26. axb4 axb4 27. g3
Qf6 28. f4 Qb6+ 29. Qd4 Qxd4+ 30. cxd4 Nd7 31. Rf3 Rc2 32. Bb5 Nf6 33. Rf2 Rc8
34. Re2 Rd8 35. Rd2 Ne4 36. Rd3 Nd6 37. Ba4 Nf5 38. d5 h5 39. Kf2 Kf8 40. Kf3
Ke7 41. g4 hxg4+ 42. Kxg4 Rxd5 43. Rb3 Rd4 44. Bc6 Ng7 45. Re3+ Ne6 46. Kg3 Kf6
47. Rf3 Rd2 48. Be4 Rxb2 49. Rf1 Rb3+ 50. Kg4 Re3 51. Bd5 Nd4 52. Ra1 Nf5 53.
Bf3 Nh6+ 54. Kg3 b3 55. Ra6+ Re6 56. Ra1 b2 57. Rb1 Rb6 58. Be4 Nf5+ 59. Kf3
Nd6 60. Bd3 Rb3 0-1

[Event "Viljandimaa MV"]
[Site "?"]
[Date "2005.12.03"]
[Round "8"]
[White "Kaldma, Arnold"]
[Black "Kuldsepp, Tanel"]
[Result "0-1"]
[WhiteElo "1875"]
[BlackElo "2192"]
[PlyCount "78"]

1. d4 Nf6 2. Nf3 g6 3. Nbd2 c5 4. c3 cxd4 5. cxd4 d5 6. e3 Bg7 7. Bb5+ Nc6 8.
Ne5 Qb6 9. Qa4 Bd7 10. Nxd7 Nxd7 11. O-O O-O 12. Nf3 a6 13. Be2 Qa7 14. Bd2 b5
15. Qa3 Rfc8 16. Rac1 Bf8 17. Qb3 Nb6 18. Qd3 e6 19. b3 Ba3 20. Rc2 Qe7 21. Bc3
Nb4 22. Bxb4 Qxb4 23. Ne1 Qa5 24. Bd1 Bb4 25. Qe2 Bxe1 26. Qxe1 Qa3 27. Qd2
Rxc2 28. Qxc2 Rc8 29. Qd2 Rc7 30. Be2 Nc8 31. Rb1 Nd6 32. f3 b4 33. Kf2 Rc3 34.
Qb2 Qa5 35. Rd1 Qc7 36. Rd2 Nf5 37. Rd3 Qxh2 38. Rxc3 Qh4+ 39. Kf1 bxc3 0-1

[Event "Viljandimaa MV"]
[Site "?"]
[Date "2005.12.05"]
[Round "8"]
[White "Vahtra, Tuuli"]
[Black "Elmaste, Gert"]
[Result "0-1"]
[WhiteElo "2029"]
[BlackElo "2218"]
[PlyCount "92"]

1. Nf3 d5 2. e3 Bg4 3. d4 c6 4. Be2 e6 5. Ne5 Bxe2 6. Qxe2 Nd7 7. f4 g6 8. Nd2
Ngf6 9. c3 Qc7 10. O-O Bg7 11. Kh1 O-O 12. Qf3 c5 13. Nxd7 Nxd7 14. dxc5 Nxc5
15. e4 Nxe4 16. Nxe4 dxe4 17. Qxe4 Qb6 18. Qe2 Rfd8 19. Be3 Qa5 20. a3 Qa4 21.
Rad1 a6 22. Rd2 Rxd2 23. Qxd2 Bf6 24. Qd1 Qb5 25. Rf2 Rd8 26. Rd2 Rxd2 27. Qxd2
Qf1+ 28. Bg1 h5 29. Qf2 Qd1 30. h3 b5 31. g3 Kg7 32. h4 Qd5+ 33. Kh2 Qa2 34.
Qd2 Qc4 35. Qe3 a5 36. Qc5 Qd3 37. Qe3 Qb1 38. Qd2 Qe4 39. Qe3 Qc2+ 40. Qf2 Qa4
41. Qd2 Qc4 42. Bb6 a4 43. Bf2 Qe4 44. Qe3 Qc2 45. c4 bxc4 46. Qb6 Qxb2 0-1